| 000 | 004070000a22001450004500 | ||
|---|---|---|---|
| 003 | LK-CoMWRAF | ||
| 008 | 230817t ||||| |||| 00| 0 eng d | ||
| 040 |
_aLK-CoMWRAF _dLK-CoMWRAF _eLK-CoMWRAF |
||
| 041 | _aeng | ||
| 245 |
_aSiragugal Viriththom _bPengalin Kadaigal |
||
| 260 |
_bSooriya Pengal Abhiviruththi Nalaiyum _aSri Lanka (Batticaloa) _c2004 |
||
| 300 | _ap.75 | ||
| 650 | _aTamil Text | ||
| 942 | _cBK | ||
| 999 |
_c2424 _d2424 |
||